| 000 | 00632nam a2200217Ia 4500 | ||
|---|---|---|---|
| 005 | 20260102155749.0 | ||
| 008 | 241129s9999||||xx |||||||||||||| ||und|| | ||
| 020 | _a9780745345161 | ||
| 040 |
_aRTL _beng _cRTL |
||
| 041 |
_aeng _2eng |
||
| 084 |
_aY:3(S5) R3 _qRTL |
||
| 100 |
_aRosa Sophie K. _9725539 |
||
| 245 | 0 | _aRadical intimacy | |
| 260 |
_aLas Vegas _bPluto Press _c2023 |
||
| 300 |
_avi,296 p. _bIncludes bibliographical references and index. |
||
| 365 |
_aINR _bRs.1587.74 |
||
| 650 |
_aIntimacy _9725540 |
||
| 650 |
_aSociology _9861554 |
||
| 942 |
_cGB _hY:3(S5) R3 _2CC _n0 |
||
| 999 |
_c1225161 _d1225161 |
||